Hukuk Usulü Muhakemeleri Kanunu ve ilgili mevzuat (Record no. 3237)

MARC details
000 -BAŞLIK
Sabit Uzunlukta Kontrol Alanı 00752na a2200253 4500
001 - KONTROL NUMARASI
Denetim Alanı 17408
003 - KONTROL NUMARASI IDENTIFIER
Denetim Alanı MIRAKIL
005 - SON İŞLEM TARİHİ VE ZAMANI
Denetim Alanı 20181213154925.0
008 - SABİT-BOY VERİ ELEMANLARI - GENEL BİLGİLER
Sabit Uzunlukta Kontrol Alanı 161024b tu 000 0
020 ## - ULUSLARARASI STANDART KİTAP NUMARASI
Uluslararası Standart Kitap Numarası 975347086X
040 ## - KATALOGLAMA KAYNAK
Orijinal Kataloglama Ajansı Milas
Kataloglama Dili tur
Metne Dönüştürmek Ajansı TR-AnCHP
041 ## - DİL KODU
Metin / Ses Parça Veya Ayrı Başlığın Dil Kodu tur
082 ## - DEWEY ONLU SINIFLANDIRMA NUMARASI
Sınıflandırma Numarası 346.0263
Ürün Numarası Y35h 1999
090 ## - SINIFLAMA NUMARASI
Sınıflama Numarası 346.0263 Y35h 1999
100 ## - ANA GİRİŞ - KİŞİSEL İSİM
Kişisel Ad Yener, M. Serhat
245 ## - BAŞLIK TABLOSU
Başlık Hukuk Usulü Muhakemeleri Kanunu ve ilgili mevzuat
Sorumluluk Tablosu, Vb M. Serhat Yener
250 ## - EDITION TABLOSU
Baskı Beyanı 4. bs.
260 ## - YAYIN, DAĞITIM, VB
Yayın, Dağıtım, Vb Yeri Ankara
Yayıncı, Dağıtıcı, Vs Adı Seçkin
Yayın, Dağıtım, Vb Tarihi 1999
300 ## - FİZİKSEL TANIM
Kapsam 396 s.
Boyutlar 14 sm.
490 ## - SERİSİ TABLOSU
Seri Beyanı Kanun Metinleri serisi
Hacim / Ardışık Tanımı 11
650 ## - KONU KATMA GİRİŞ - TOPİKAL DÖNEM
Topikal Süreli Veya Coğrafi Ad Giriş Elemanı Özel hukuk
Genel Alt Bölümü Hukuk usulü muhakemeleri
Kronolojik Alt Bölümü Türkiye
Coğrafi Alt Bölümü Kanunlar
651 ## - KONU KATMA GİRİŞ - COĞRAFİ ADI
Coğrafi İsim Türkiye
Genel Alt Bölümü Hukuk Usulü Muhakemeleri Kanunu (HUMK), 1927
942 ## - EKLENDİ GİRİŞ ELEMANLARI (KOHA)
Sınıflandırma Veya Raf Düzeni Kaynak Dewey Decimal Classification
Koha Öğesi Türü Books
999 ## - SİSTEM KONTROL NUMARALARI (KOHA)
Koha Biblionumber 3237
Koha Biblioitemnumber 3237
Holdings
Kalıcı Konum Mevcut Konum Edinme Tarihi Edinim Kaynak Toplam Check-Out'Lar Tam Çağrı Numarası Barkod Tarih Son Görülme İtibaren Geçerli Fiyatlar Koha Öğesi Türü
CHP Kütüphanesi CHP Kütüphanesi 10/24/2016 Bağış   346.0263 Y35h 1999 008147 10/24/2016 10/24/2016 Books